|
|
|
|
| LEADER |
00000nam0a2200000 4500 |
| 001 |
160300 |
| 005 |
20231101222158.0 |
| 010 |
|
|
|a 9785880817030
|
| 035 |
|
|
|a (RuTPU)RU\TPU\book\173836
|
| 090 |
|
|
|a 160300
|
| 100 |
|
|
|a 20090520d2007 m y0rusy50 ca
|
| 101 |
0 |
|
|a rus
|
| 102 |
|
|
|a RU
|
| 105 |
|
|
|a y j 001zy
|
| 200 |
1 |
|
|a Зарубежный опыт публичного управления
|e практикум
|f Н. П. Носова
|
| 210 |
|
|
|a Тюмень
|c Изд-во Тюменского ГУ
|d 2007
|
| 215 |
|
|
|a 200 с.
|
| 320 |
|
|
|a Библиогр.: с. 197-199.
|
| 330 |
|
|
|a Представляет собой продолжение учебного пособия «Зарубежный опыт публичного управления». Нацелен на формирование у обучающихся практических навыков, необходимых в управленческой работе, и умения самостоятельно работать с научной литературой. Методическая часть включает в себя как общие рекомендации по использованию конкретных ситуаций и практикующих упражнений, так и специальные задания по каждой из тем. Содержит тематику итоговых исследовательских проектов, вопросы для подготовки к экзамену, а также список рекомендуемой для изучения литературы. Рассчитан на преподавателей, студентов, магистрантов и всех обучающихся по специальности «Государственное и муниципальное управление». Подготовлено в рамках проекта «Формирование инновационного научно-образовательного комплекса Тюменского государственного университета для обеспечения эффективности природопользования в условиях интенсивного освоения ресурсов Западной Сибири».
|
| 606 |
1 |
|
|a Государственное управление
|x Административное право
|x Зарубежные страны
|2 stltpush
|3 (RuTPU)RU\TPU\subj\8370
|9 35791
|
| 610 |
1 |
|
|a право
|
| 610 |
1 |
|
|a административное право
|
| 610 |
1 |
|
|a публичное управление
|
| 610 |
1 |
|
|a зарубежный опыт
|
| 610 |
1 |
|
|a теория
|
| 610 |
1 |
|
|a история
|
| 610 |
1 |
|
|a органы власти
|
| 610 |
1 |
|
|a реформы
|
| 610 |
1 |
|
|a Америка
|
| 610 |
1 |
|
|a Европа
|
| 610 |
1 |
|
|a практикумы
|
| 610 |
1 |
|
|a учебные пособия
|
| 686 |
|
|
|a Х81я73
|2 rubbk
|
| 700 |
|
1 |
|a Носова
|b Н. П.
|g Наталья Петровна
|
| 712 |
0 |
2 |
|a Тюменский государственный университет (ТюмГУ)
|b Институт государства и права (ИГиП)
|2 stltpush
|3 (RuTPU)RU\TPU\col\14643
|
| 712 |
0 |
2 |
|a Тюменский государственный университет (ТюмГУ)
|b Центр трансляции и экспорта образовательных программ
|2 stltpush
|3 (RuTPU)RU\TPU\col\14644
|
| 801 |
|
1 |
|a RU
|b 63413507
|c 20090520
|g PSBO
|
| 801 |
|
2 |
|a RU
|b 63413507
|c 20230314
|g PSBO
|
| 900 |
|
|
|a Государственное и муниципальное управление
|
| 900 |
|
|
|a Государственное и региональное управление
|
| 942 |
|
|
|c BK
|